| 000 | 00327nam a2200109Ia 4500 | ||
|---|---|---|---|
| 008 | 220512s9999 xx 000 0 eng d | ||
| 100 | _aSingh Bhim | ||
| 245 | 0 |
_aProceedings of the Seminar on Bihar : Population and Development / _cSingh Bhim |
|
| 260 |
_aPatna : _bKarpoori Foundation, _cNov-04 |
||
| 546 | _aEnglish | ||
| 942 | _cPR | ||
| 999 |
_c35881 _d35881 |
||